000 00327nam a22001457a 4500
020 _a817906166-0
041 _aENG
100 _a Rathore.N.S
245 _aNon Conventional Energy Sources
260 _aNew Delhi
_bHimanshu Publications
_c2018
300 _a355
650 _aEOES
700 _aKurchanin.A.K
856 _uEOES
999 _c73
_d73